000 00542nam a2200181 i 4500
001 147824
003 ES-MaACL
005 20240611115716.0
007 t|
008 071005s1978 sp ||||1| spa d
100 1 _aUtchenko, S. L.
_9112323
245 1 0 _aCicerón y su tiempo /
_cS.L. Utchenko ; traducción José Fernández Sánchez.
260 _aMadrid :
_bAkal,
_c1978.
300 _a306 p. ;
_c22 cm.
700 1 _aFernández Sánchez, José,
_d1925-2011
_9152297
852 _aES-MaACL
_jA-9966
_bR.98732
999 _c147824
_d147824